Detalles MARC
| 000 -LÍDER |
| Campo fijo de descripción fija |
03675aam a2200385 i 4500 |
| 001 - NÚMERO DE CONTROL |
| Campo de control |
768714001 |
| 003 - IDENTIFICADOR DEL NÚMERO DE CONTROL |
| Campo de control |
CO-MdFUSB |
| 005 - FECHA Y HORA DE LA ULTIMA TRANSACCIÓN |
| control field |
20240604081713.0 |
| 007 - CAMPO FIJO DE DESCRIPCIÓN FIJA--INFORMACIÓN GENERAL |
| Campo fijo de descripción fija |
cr aa uaaaa |
| 008 - ELEMENTOS DE LONGITUD FIJA -- INFORMACIÓN GENERAL |
| Campo fijo de descripción fija -- Información general |
240416t2000 -us |||| |||| 00| 0 eng d |
| 020 ## - NÚMERO INTERNACIONAL NORMALIZADO PARA LIBROS |
| Número Internacional Normalizado del libro |
9780567442215 |
| Información adicional |
[electrónico] |
| 040 ## - FUENTE DE CATALOGACIÓN |
| Agencia que realiza la transcripción |
CO-MdFUSB |
| 041 0# - CÓDIGO DE IDIOMA |
| Código de idioma para texto/pista de sonido o título separado |
spa |
| 082 04 - NÚMERO DE CLASIFICACIÓN DECIMAL DEWEY |
| Número de clasificación |
220 |
| 245 10 - TÍTULO |
| Título del Material |
Rethinking contexts, rereading texts : |
| Parte restante del título - Subtitulo |
contributions from the social sciences to Biblical interpretation |
| Mención de responsabilidad, etc. |
/ editado por Mark Daniel Carroll R. |
| Medio físico |
[electrónico] |
| 264 #1 - PRODUCCIÓN, PUBLICACIÓN, DISTRIBUCIÓN, MANUFACTURA, Y COPYRIGHT |
| Lugar de producción, publicación, distribución, manufactura |
Sheffield, Estados Unidos : |
| Nombre del productor, publicador, distribuidor |
Sheffield Academic Press, |
| Fecha de producción, publicación, distribución, manufactura, o copyright |
[2000] |
| 264 #4 - PRODUCCIÓN, PUBLICACIÓN, DISTRIBUCIÓN, MANUFACTURA, Y COPYRIGHT |
| Fecha de producción, publicación, distribución, manufactura, o copyright |
©2000 |
| 300 ## - DESCRIPCIÓN FÍSICA |
| Extensión |
100 páginas |
| 336 ## - TIPO DE CONTENIDO |
| Fuente |
rdacontent |
| Término de tipo de contenido |
texto |
| Código de tipo de contenido |
txt |
| 337 ## - TIPO DE MEDIO |
| Fuente |
rdamedia |
| Nombre del tipo de medio |
informático |
| Código del tipo de medio |
c |
| 338 ## - TIPO DE SOPORTE |
| Fuente |
rdacarrier |
| Nombre del tipo de soporte |
remoto |
| Código Tipo de soporte |
cr |
| 490 ## - MENCIÓN DE SERIE |
| Mención de serie |
Journal for the study of the Old Testament. Supplement series |
| 505 ## - NOTA DE CONTENIDO |
| Título |
Parte I: El potencial y los errores de los enfoques de ciencia social<br/><br/> |
| Nota de contenido con formato preestablecido |
El potencial de lo negativo: Una aproximación al Antiguo Testamento a través de la obra de Adorno. -- <br/>Lectura de la Biblia en el contexto del pluralismo metodológico: el debilitamiento del exclusivismo étnico en el Génesis. -- Medir el grano de una manera más matizada y literaria: un cuento de advertencia sobre la contribución de las ciencias sociales a la interpretación bíblica.<br/> |
| 505 ## - NOTA DE CONTENIDO |
| Título |
PARTE II: Las ciencias sociales y la interpretación bíblica: estudios de casos:<br/> |
| Nota de contenido con formato preestablecido |
Un mapa de ideología para los críticos bíblicos. -- Esdras 2 en perspectiva ideológica crítica. -- Reexamen de la 'religión popular': cuestiones de definición y fuentes. Perspectivas de la antropología interpretativa. -- 'Porque eso te encanta hacer': investigando la religión popular en el libro de Amós<br/> Dialecto y registro en el griego del Nuevo Testamento: teoría. -- Regístrese en el griego del Nuevo Testamento: Aplicación con referencia al evangelio de Marcos<br/> |
| 506 ## - NOTA DE RESTRICCIONES DE ACCESO |
| Condiciones de acceso |
Solicitar clave y usuario para acceder al libro electrónico. |
| 520 ## - NOTA DE RESUMEN, ETC. |
| Nota de sumario, etc. |
Este volumen reúne diez ensayos sobre los diversos contextos de los textos que invocan los enfoques científico- sociales . Estos contextos son: los valores culturales que informan a los escritores de textos , la relación entre el texto y el lector o comunidad de lectores, y la producción de los textos mismos como artefactos sociales . En la primera sección del libro, predominantemente teórica, John Rogerson aplica la perspectiva de Adorno a la lectura de textos bíblicos ; Mark Brett defiende el pluralismo metodológico y deconstruye la etnicidad en Génesis; y Gerald West explora la "granulosidad" de los textos . La segunda parte contiene tanto teoría como aplicación: Jonathan Dyck dibuja un 'mapa de ideología' para los críticos bíblicos y luego aplica un análisis crítico ideológico a Esdras 2. M. Daniel Carroll R. reexamina la 'religión popular' y utiliza a Amós como caso de prueba. ; Stanley Porter considera el dialecto y el registro del griego del Nuevo Testamento y luego lo aplica al Evangelio de Marcos. Esta es una exploración original y de amplio alcance de importantes cuestiones sociocientíficas y su aplicación a una variedad de materiales bíblicos . |
| 650 #7 - ASIENTO SECUNDARIO DE MATERIA - TERMINO TEMÁTICO |
| Término temático o nombre geográfico como elemento de entrada |
Cultura |
| Fuente del encabezamiento o término |
sears |
| 9 (RLIN) |
3 |
| 653 ## - TÉRMINO DE INDIZACIÓN - NO CONTROLADO |
| Término no controlado |
Interpretación bíblica |
| 700 ## - ASIENTO SECUNDARIO - NOMBRE PERSONAL |
| Nombre personal |
Carroll, Mark Daniel. |
| 9 (RLIN) |
1710 |
| Responsabilidad |
editor |
| 856 ## - LOCALIZACIÓN Y ACCESO ELECTRÓNICOS |
| Numero de Acceso |
244677 |
| Identificador Uniforme del Recurso |
<a href="https://web.p.ebscohost.com/ehost/detail/detail?vid=13&sid=8831ff61-7f75-483c-ab20-f69c4746555d%40redis&bdata=Jmxhbmc9ZXMmc2l0ZT1laG9zdC1saXZl#AN=244677&db=nlebk">https://web.p.ebscohost.com/ehost/detail/detail?vid=13&sid=8831ff61-7f75-483c-ab20-f69c4746555d%40redis&bdata=Jmxhbmc9ZXMmc2l0ZT1laG9zdC1saXZl#AN=244677&db=nlebk</a> |
| Nota dirigida al público |
<a href="Abrir Versión electrónica del libro AQUÏ">Abrir Versión electrónica del libro AQUÏ</a> |
| 942 ## - TIPO DE MATERIAL (KOHA) |
| Tipo de Item KOHA |
Libro electrónico |
| 945 ## - INFORMACIÓN LOCAL DEL REGISTRO |
| Catalogador |
JTF-925 |